000 02395nam a2200337 4500
001 76
003 OSt
005 20250528074011.0
008 250123b |||||||g |||| 00| 1 eng d
020 _a8599296019
040 _bpor
041 _heng
_apor
082 _a813
_bB877p
100 1 _aBrown, Dan,
_d1964-
_9179
240 _aDeception Point
245 _aPonto de Impacto /
_cBrown, Dan ; Tradução de Carlos Irineu da Costa
260 _aRio de Janeiro
_bSextante
_c2005
300 _a440 p.
520 _aQuando um novo satélite da NASA encontra um estranho objeto escondido nas profundezas do Ártico, a agência espacial aproveita o impacto da sua descoberta para contornar uma grave crise financeira e de credibilidade. O peso dessa revelação acarreta sérias implicações para a política espacial norte-americana e, sobretudo, para a iminente eleição presidencial. Com o objetivo de verificar a autenticidade da descoberta, a Casa Branca envia a analista de inteligência Rachel Sexton para a desolada geleira Milne. Acompanhada por uma equipe de especialistas, incluindo o carismático pesquisador Michael Tolland, Rachel se depara com indícios de uma fraude científica que ameaça abalar o planeta. Antes que Rachel possa falar com o presidente dos Estados Unidos sobre suas suspeitas, ela e Michel são perseguidos por assassinos profissionais controlados por uma pessoa que é capaz de tudo para encobrir a verdade. Em uma fuga desesperada para salvar suas vidas, a única chance de sobrevivência para Rachel e Michael é desvendar a identidade de quem se esconde por trás de uma conspiração sem precedentes. Com fascinantes informações sobre a NASA, a comunidade de inteligência e os bastidores da política americana, sem falar na polêmica discussão sobre a possibilidade de vida extraterrestre, Ponto de Impacto revela o amadurecimento de Dan Brown como escritor, reunindo todas as qualidades que o transformariam em um fenômeno mundial com seu livro seguinte: O Código da Vinci.
650 0 _aLiteratura Americana
_984
650 0 _aSuspense
_910
650 0 _aMistério
_942
650 0 _aAventura
_947
650 0 _aCrime e Investigação
_913
650 0 _aFicção Científica
_963
650 0 _aPolitica
_9138
655 0 _aRomance
_923
655 0 _aFicção
_922
700 _aCarlos Irineu da Costa
_eTradutor
_9182
942 _2ddc
_n0
_cBK
999 _c76
_d76